Quiz o Rosji - Statystyki

Ogólne statystyki
  • Ten quiz został rozwiązany 339 razy
  • Średni wynik to 10 z 17
Statystyki odpowiedzi
Odpowiedź % Poprawnych
Stolica: Moskwa
99%
Waluta: Rubel
85%
Pełna nazwa: Federacja Rosyjska
81%
Państwo z którym Rosja jest w stanie konfliktu: Ukraina
80%
Drugie największe miasto: Petersburg
76%
Dawna nazwa (zmiana 1990): ZSRR
74%
Największe graniczące państwo (powierzchnia): Chiny
71%
Obecny prezydent: Władimir Putin
69%
Najzimniejszy rejon Rosji: Syberia
66%
Najmniejsze graniczące państwo (powierzchnia): Estonia
60%
Ustrój: Demokracja
49%
Powierzchnia (zaok. mil.): 17
43%
Liczba ludności (zaok. mil.): 142
36%
Terytorium nieuznawane istniejące do 2002 : Czeczenia
35%
Najdłuższa rzeka: Lena
34%
Najwyższy szczyt: Elbrus
30%
Trzecie największe miasto: Nowosybirsk
28%
Nie znaleziono quizów pasujących do podanych kryteriów
Rozkład punktacji
Procent ludzi z każdym wynikiem
Percentyl według liczby udzielonych odpowiedzi
Twoja historia wyników
Nie rozwiązałeś tego quizu